00872nam a22001817a 4500003000900000008004100009020001800050040007100068082003500139100001900174245003100193260003200224300004900256505032700305650002100632650001400653700002300667AR-CdUCM190524b ||||| |||| 00| 0 eng d a9786073237000 aMUNICIPALIDAD PROVINCIAL DEL CUSCOcBIBLIOTECA MUNICIPAL DEL CUSCO a658.8/K87DbK87D2Decimoquinta aKotler, Philip aDirección de marketing / aMéxico ;bPearson,c2016. a832 Páginas. :bilustraciones ;c21x27 cm. aContenido: Comprensión de la dirección de marketing -- Identificación de las oportunidades de mercado -- Conexión con los clientes -- Creación de marcas fuertes -- Creación de valor -- Entrega de valor -- Comunicación de valor -- Administración de un marketing responsable para el éxito a largo plazo ... aAdministración aMarketing aKeller, Kevin Lane